Country's starting with 'K' quiz - Statistics

General Stats
  • This quiz has been taken 31 times
  • The average score is 5 of 6
Answer Stats
Hint Answer % Correct
KE Kenya
100%
KI Kiribati
90%
KA Kazakhstan
86%
KY Kyrgyzstan
83%
KO Kosovo
66%
KU Kuwait
66%
No matching quizzes found
Score Distribution
Percent of People with Each Score
Percentile by Number Answered
Your Score History
You have not taken this quiz